Senza mai fermarsi : una autobiografia /

Saved in:
Bibliografiske detaljer
Hovedforfatter: Bowles, Paul, (1910-1999) (Author)
Format: Bog
Sprog:italiensk
Udgivet: Milano : Garzanti, 1991
Serier:Memorie, documenti, biografie
Fag:
Tags: Tilføj Tag
Ingen Tags, Vær først til at tagge denne postø!

MARC

LEADER 00000nam a2200000 i 4500
001 IT\ICCU\RAV\0169202
003 ItRI
005 20260214182216.0
008 911206s1991 it |||||| ||||| |||||c
020 |a 8811738180 
040 |b ita  |c ARCIGAY RIMINI 
041 7 |a ita  |2 ISO-639-2 
082 |a 813.54  |2 19 
100 1 |a Bowles, Paul,  |d  (1910-1999)  |0 IT\ICCU\CFIV\094005  |4 aut 
240 1 0 |a Without stopping.  |9 Bowles, Paul <1910-1999> 
245 1 0 |a Senza mai fermarsi :  |b una autobiografia /  |c Paul Bowles. 
260 |a Milano :  |b Garzanti,  |c 1991 
300 |a 397 p., [11] c. di tav. :  |b ill. ;  |c 22 cm 
500 |a Trad. di Cinzia Tafani 
650 7 |a Bowles, Paul  |x Autobiografia  |2 scbi 
830 0 |a Memorie, documenti, biografie  |0 IT\ICCU\CFI\0026216 
942 |2 ddc  |c BK 
952 |0 0  |1 0  |2 ddc  |4 0  |6 813_540000000000000_BOW_SEN  |7 1  |9 3656  |a RN  |b RN  |d 2025-03-11  |l 0  |o 813.54 BOW SEN  |p 10915  |r 2025-03-11 22:49:18  |w 2025-03-11  |x DONAZIONE DI GIOVANNI RIMONDINI  |y BK  |z DONAZIONE DI GIOVANNI RIMONDINI 
952 |0 0  |1 0  |4 0  |6 DOC_810_992000000000000_BOW  |7 0  |9 15206  |a BO  |b BO  |d 2026-01-15  |i 5212  |l 0  |o DOC 810.992 BOW  |p BO5212  |r 2026-01-15 23:19:00  |w 2026-01-15  |x [Sebina 5] [1 v.]  |y BK  |z 1 v. 
999 |c 2846  |d 2846